| 000 | 00426nam a2200181Ia 4500 | ||
|---|---|---|---|
| 001 | 7733 | ||
| 005 | 20260306160517.0 | ||
| 008 | 260306t1973||||xx |||||||||||||| ||spa|| | ||
| 041 | _aESP | ||
| 082 |
_a358.10942 _bJ13 |
||
| 100 |
_aJackson H. Melvin _eAUT |
||
| 245 | 0 | _aEighteenth century gunfounding | |
| 260 | _c1973 | ||
| 300 |
_a183 páginas : _c24 cm. |
||
| 650 | _aGEN | ||
| 654 | _aCHU | ||
| 942 |
_cLIB _dJUS _fJUS _2ddc _n |
||
| 999 |
_c7733 _d7733 |
||